Versos de cacaracá (Registo nº 4525)
[ vista simples ]
| 000 -Etiqueta do registo | |
|---|---|
| Cabeçalho | 00918nam0a2200289 4500 |
| 005 - Identificador da versão | |
| Campo de controlo | 20240813122104.0 |
| 010 ## - Número internacional normalizado dos livros (ISBN) | |
| Número (ISBN) | 9789724741611 |
| 021 ## - Número do Depósito Legal | |
| Código do país | PT |
| Número | 389170/15 |
| 003 - Persistent Record Identifier | |
| control field | http://porbase.bnportugal.pt/ipac20/ipac.jsp?profile=bn&uri=full=3100024~!2436389~!0 |
| 100 ## - Dados gerais de processamento | |
| Dados gerais de processamento | 20161110d2015 d y0pory5003 ba |
| 102 ## - Pais de publicação ou produção | |
| País de publicação | Portugal |
| 101 0# - Língua de publicação | |
| Língua do texto, banda sonora, etc. | Português |
| 215 ## - Descrição física | |
| Indicação específica da natureza do documento e extensão da espécie | 43, [2] p. |
| Outras indicações físicas | il. color |
| 200 1# - Titulo e menção de responsabilidade | |
| Título próprio | Versos de cacaracá |
| Informação de outro título | poesia infantil |
| Primeira menção de responsabilidade | António Manuel Couto Viana |
| Outras menções de responsabilidade | il. Vasco Gargalo |
| 205 ## - Menção da edição | |
| Menção da edição | 8ª ed |
| 210 ## - Publicação, Distribuição, etc. | |
| Lugar da edição, distribuição, etc. | Alfragide |
| Nome do editor, distribuidor, etc. | Texto ed. |
| Data da publicação, distribuição, etc. | 2015 |
| 300 ## - Notas gerais | |
| Texto da nota | Metas Curriculares |
| Texto da nota | PNL |
| 606 ## - Nome comum usado como assunto | |
| Número de registo de entrada de autoridade | 0001358 |
| Palavra de ordem | Literatura portuguesa |
| Subdivisão de assunto | Poesia |
| Código do sistema | CA |
| 675 ## - Classificação Decimal Universal (CDU) | |
| Notação | 821.134.3-1 |
| Edição | 3ª ed. |
| Língua da edição | pol |
| 702 #1 - Nome de autor-pessoa física (responsabilidade secundária) | |
| Número de registo de entrada de autoridade | 0001441 |
| Palavra de ordem | Gargalo |
| Outra parte do nome não tomada para palavra de ordem | Vasco |
| Datas | 1977- |
| Código de função | Ilustrador / Técnico de desenho computorizado |
| 700 #1 - Nome de autor-pessoa física (responsabilidade principal) | |
| Número de registo de entrada de autoridade | 0001440 |
| Palavra de ordem | Viana |
| Outra parte do nome não tomada para palavra de ordem | Antnio Manuel Couto |
| Datas | 1923-2010 |
| 966 ## - Identificação da Biblioteca | |
| Sigla | EBVEN |
| 942 ## - Elementos de entrada adicionados (Koha) | |
| Tipo de item no Koha | Livro |
| Situação do levantamento | Origin of item (home branch) (coded) | Biblioteca de empréstimo | Código de barras | Cota | Circulation type (not for loan) | Tipo de documento | Nota do exemplar | Damaged status |
|---|---|---|---|---|---|---|---|---|
| Biblioteca Escolar das Vendas | Biblioteca Escolar das Vendas | BEV2544 | 8POR VIA MET PNL | Livro | Sem mensagem |
